[Event "Fort Lauderdale 1000 GM IM 11"]
[Site "Fort Lauderdale"]
[Date "2023.11.04"]
[Round "5"]
[White "Hernandez Gonzalez, William"]
[Black "Overlingas, Akeras"]
[Result "1-0"]
[WhiteElo "2487"]
[BlackElo "2021"]
[PlyCount "135"]
[EventDate "2023.11.02"]
[EventType "tourn"]
[EventRounds "9"]
[EventCountry "USA"]
[SourceTitle "CBM 217 Extra"]
[Source "ChessBase"]
[SourceDate "2024.01.31"]
[SourceVersion "1"]
[SourceVersionDate "2024.01.31"]
[SourceQuality "1"]

1. e4 c5 2. Nf3 d6 3. d4 cxd4 4. Qxd4 Nc6 5. Bb5 Bd7 6. Bxc6 bxc6 7. 0-0 e5 8. Qd3 Be7 9. c4 h6 10. Nc3 Qc7 11. Rd1 Nf6 12. Nd2 0-0 13. Nf1 Be6 14. Ne3 Rfd8 15. Qe2 Rd7 16. b3 Rad8 17. Ba3 Bf8 18. Rac1 Qa5 19. Bb2 Kh7 20. h3 Be7 21. Qf3 g6 22. Rc2 Nh5 23. Rcd2 Kg7 24. Na4 Qc7 25. Nf5+ Bxf5 26. exf5 Nf6 27. fxg6 fxg6 28. Re2 c5 29. Nc3 Rf8 30. Nd5 Qd8 31. Qd3 Re8 32. f4 Nxd5 33. Qxd5 Rf8 34. fxe5 Kh7 35. e6 Rc7 36. Rf1 Rxf1+ 37. Kxf1 Bh4 38. Re3 Bg5 39. Rf3 Re7 40. g3 Qe8 41. h4 Bxh4 42. Rf7+ Kg8 43. gxh4 Rxf7+ 44. exf7+ Qxf7+ 45. Kg2 Kf8 46. Qxd6+ Kg8 47. Qd8+ Qf8 48. Qxf8+ Kxf8 49. Ba3 a6 50. Bxc5+ Ke8 51. b4 Kd7 52. b5 axb5 53. cxb5 Kc7 54. a4 Kb7 55. a5 g5 56. a6+ Kc7 57. b6+ Kc6 58. b7 gxh4 59. b8Q Kxc5 60. a7 Kd4 61. a8R h3+ 62. Kh1 h2 63. Qe8 h5 64. Ra7 Kc5 65. Qd8 h4 66. Rc7+ Kb6 67. Qb8+ Ka6 68. Ra7# 1-0